| 000 | 00445nam a2200169Ia 4500 | ||
|---|---|---|---|
| 999 |
_c30411 _d30411 |
||
| 003 | OSt | ||
| 005 | 20250521161509.0 | ||
| 008 | 250310s9999||||xx |||||||||||||| ||und|| | ||
| 040 | _c. | ||
| 082 |
_a823.912 _bG5788 |
||
| 100 |
_95879 _aGodden, Rumer |
||
| 245 | 0 |
_aThe battle of the villa fiorita / _cRumer Godden |
|
| 260 |
_aLondon : _bThe reprint society ltd, _c1964. |
||
| 300 | _a254 p. | ||
| 650 | 0 |
_92474 _aEnglish fiction |
|
| 942 |
_cBK _2ddc |
||